000 00643nam a2200217 i 4500
001 8149
003 ES-MaACL
005 20230906145406.0
007 t|
008 920226s1991 sp ||||1| spa d
020 _a84-7916-000-4
080 _a366.1:1
080 _a1:366.1
100 1 _aDi Bernardo, Giuliano.
_944073
245 1 0 _aFilosofía de la masonería
_b: la imagen masónica del hombre /
_cGiuliano Di Bernardo.
250 _a[1ª ed. español].
260 _aMadrid :
_bIberediciones,
_c1991.
300 _aXIII, 167 p. :
_bil. ;
_c22 cm.
610 2 _aMasonería-
_xFilosofía.
_95665
852 _aES-MaACL
_jL-15511
_bR.120002
999 _c8149
_d8149